[Event "Stockholm Spangbergs Memorial"]
[Site "Stockholm"]
[Date "2024.02.17"]
[Round "1"]
[White "Westerberg, Jonathan"]
[Black "Johansson, Christer"]
[Result "1-0"]
[WhiteElo "2468"]
[BlackElo "1712"]
[PlyCount "73"]
[EventDate "2024.02.17"]
[EventType "swiss"]
[EventRounds "7"]
[EventCountry "SWE"]
[SourceTitle "CB08_2024"]
[SourceDate "2024.02.21"]
[SourceVersion "1"]
[SourceVersionDate "2024.02.21"]
[SourceQuality "1"]

1. e4 c5 2. Nf3 d6 3. Bb5+ Bd7 4. c4 Nc6 5. Nc3 e6 6. d4 a6 7. Bxc6 Bxc6 8. 0-0 Nf6 9. Qe2 Be7 10. Rd1 Qc7 11. b3 0-0 12. Bb2 b6 13. d5 Bd7 14. a4 exd5 15. exd5 Bg4 16. Re1 Rfe8 17. h3 Bf8 18. Qd3 Bh5 19. Nh4 Rxe1+ 20. Rxe1 Re8 21. Rxe8 Nxe8 22. Ne4 Bg6 23. Nxg6 hxg6 24. g4 f6 25. Kg2 Qf7 26. Ng3 g5 27. Ne2 g6 28. f4 Bh6 29. f5 gxf5 30. Qxf5 Qh7 31. Qxh7+ Kxh7 32. Ng3 Kg6 33. Nf5 Bf8 34. h4 gxh4 35. Nxh4+ Kg5 36. Kg3 Ng7 37. Bc1# 1-0

[Event "Olympiad-44"]
[Site "Chennai"]
[Date "2022.08.09"]
[Round "11.3"]
[White "Westerberg, Jonathan"]
[Black "Gong, Qianyun"]
[Result "1-0"]
[WhiteElo "2476"]
[BlackElo "2275"]
[PlyCount "71"]
[EventDate "2022.07.29"]
[EventType "team-swiss"]
[EventRounds "11"]
[EventCountry "IND"]
[SourceTitle "CBM 210"]
[Source "ChessBase"]
[SourceDate "2022.10.31"]
[SourceVersion "1"]
[SourceVersionDate "2022.10.31"]
[SourceQuality "1"]
[WhiteTeam "Sweden"]
[BlackTeam "Singapore"]
[WhiteTeamCountry "SWE"]
[BlackTeamCountry "SIN"]

1. d4 Nf6 2. Nf3 e6 3. e3 b6 4. Bd3 Bb7 5. 0-0 c5 6. c4 Be7 7. Nc3 cxd4 8. exd4 d5 9. cxd5 exd5 10. Ne5 0-0 11. Re1 Nc6 12. Ba6 Nxe5 13. Bxb7 Ng6 14. Bxa8 Qxa8 15. h4 Re8 16. h5 Nf8 17. h6 Ne6 18. hxg7 Qd8 19. Be3 Bd6 20. Qf3 Bb8 21. g3 Kxg7 22. Kg2 Rg8 23. Rh1 Kf8 24. Rh6 Rg6 25. Rah1 Kg7 26. Rxg6+ hxg6 27. g4 g5 28. Qh3 Ng8 29. Qh7+ Kf8 30. Qf5 Bf4 31. Nxd5 Qa8 32. Qe4 Qc8 33. Rh8 Qd8 34. Nxf4 gxf4 35. Bxf4 Qf6 36. Qa8+ 1-0

[Event "SWE-ch"]
[Site "Uppsala"]
[Date "2022.07.10"]
[Round "9"]
[White "Hector, Jonny"]
[Black "Westerberg, Jonathan"]
[Result "0-1"]
[WhiteElo "2441"]
[BlackElo "2476"]
[PlyCount "104"]
[EventDate "2022.07.02"]
[EventType "tourn"]
[EventRounds "9"]
[EventCountry "SWE"]
[EventCategory "9"]
[SourceTitle "CBM 209 Extra"]
[Source "ChessBase"]
[SourceDate "2022.09.30"]
[SourceVersion "1"]
[SourceVersionDate "2022.09.30"]
[SourceQuality "1"]

1. e4 c5 2. Nf3 Nc6 3. Nc3 e5 4. Bc4 Be7 5. d3 d6 6. Nd2 Bg5 7. h4 Bxd2+ 8. Bxd2 Nf6 9. Bg5 h6 10. Bxf6 Qxf6 11. Nd5 Qd8 12. c3 Be6 13. Qe2 Qd7 14. a4 0-0 15. g4 Ne7 16. Nxe7+ Qxe7 17. Kd2 g6 18. Kc2 Kg7 19. h5 g5 20. Ra3 Rab8 21. Rha1 b6 22. Ba6 Qd7 23. f3 Qc7 24. c4 Bc8 25. Bxc8 Rfxc8 26. b3 a6 27. Qd2 Rb7 28. Kd1 Qe7 29. Ke2 Qf6 30. Kf2 Rc6 31. Kg2 b5 32. axb5 axb5 33. Ra7 Rcb6 34. Rxb7 Rxb7 35. Ra8 bxc4 36. bxc4 Rb4 37. Re8 Rb6 38. Kf2 Rb3 39. Qc2 Ra3 40. Qd2 Rb3 41. Qc2 Rb4 42. Qc1 Ra4 43. Qc2 Ra6 44. Qd2 Rb6 45. Kg2 Rb3 46. Kf2 d5 47. exd5 e4 48. Qe3 Rb2+ 49. Kf1 Rb1+ 50. Kf2 Qb2+ 51. Qe2 Qd4+ 52. Kg3 exd3 0-1

[Event "SWE-chT 2122 Elite"]
[Site "Sweden"]
[Date "2022.05.15"]
[Round "9.4"]
[White "Tari, Aryan"]
[Black "Westerberg, Jonathan"]
[Result "1-0"]
[WhiteElo "2654"]
[BlackElo "2502"]
[PlyCount "80"]
[EventDate "2021.12.03"]
[EventType "team-tourn"]
[EventRounds "9"]
[EventCountry "SWE"]
[SourceTitle "EXT 2023"]
[Source "ChessBase"]
[SourceDate "2022.10.05"]
[SourceVersion "1"]
[SourceVersionDate "2022.10.05"]
[SourceQuality "1"]
[WhiteTeam "Lunds"]
[BlackTeam "Stockholm CC"]
[WhiteTeamCountry "SWE"]
[BlackTeamCountry "SWE"]

1. e4 c5 2. Nf3 e6 3. c3 d5 4. exd5 exd5 5. Bb5+ Bd7 6. Bxd7+ Qxd7 7. 0-0 Bd6 8. d4 Nc6 9. dxc5 Bxc5 10. b4 Bd6 11. b5 Nce7 12. c4 dxc4 13. Bb2 f6 14. Nbd2 Rc8 15. Rc1 Nh6 16. Nxc4 Bc5 17. Qb3 Nf7 18. Rfd1 Qg4 19. h3 Qf4 20. Na5 b6 21. Nb7 0-0 22. Nxc5 bxc5 23. Qe6 Ng6 24. Rd7 Qb8 25. Qc4 a6 26. a4 axb5 27. axb5 Rce8 28. Rcd1 Nf4 29. Qxc5 Ne6 30. Qc6 Nfd8 31. Qd5 Rf7 32. g3 Rxd7 33. Qxd7 Nf7 34. Re1 Nc7 35. b6 Rxe1+ 36. Nxe1 Ne8 37. Ba3 Ned6 38. Bc5 Qb7 39. Qe6 Qc6 40. Bxd6 Qxd6 1-0

[Event "Norrkoeping Easter op"]
[Site "Norrkoeping"]
[Date "2022.04.17"]
[Round "7"]
[White "Crevatin, Leo"]
[Black "Westerberg, Jonathan"]
[Result "1/2-1/2"]
[WhiteElo "2227"]
[BlackElo "2497"]
[PlyCount "121"]
[EventDate "2022.04.15"]
[EventType "swiss"]
[EventRounds "8"]
[EventCountry "SWE"]
[SourceTitle "CBM 207 Extra"]
[Source "ChessBase"]
[SourceDate "2022.05.31"]
[SourceVersion "1"]
[SourceVersionDate "2022.05.31"]
[SourceQuality "1"]

1. d4 Nf6 2. c4 g6 3. Nc3 d5 4. Nf3 Bg7 5. Bg5 Ne4 6. cxd5 Nxg5 7. Nxg5 e6 8. Qd2 exd5 9. Qe3+ Kf8 10. Qf4 Bf6 11. h4 Kg7 12. g3 h6 13. Nf3 c6 14. Bg2 Na6 15. Rd1 Qc7 16. Qxc7 Nxc7 17. e3 Bg4 18. Ke2 g5 19. hxg5 hxg5 20. Rxh8 Rxh8 21. Rh1 Re8 22. Kd2 Bf5 23. Ne1 Re7 24. Nd3 Ne8 25. Bh3 Bxh3 26. Rxh3 Nd6 27. g4 Re8 28. b3 Bd8 29. Kc2 a5 30. Ne2 Ne4 31. Ng3 Nxg3 32. Rxg3 Rh8 33. Rg1 Be7 34. Kd2 Kf6 35. Ke2 Ke6 36. Rc1 Ba3 37. Rf1 f6 38. Kf3 b6 39. Ne1 Bd6 40. Nd3 Ba3 41. Ne1 Rh7 42. Nc2 Bd6 43. Rc1 c5 44. dxc5 bxc5 45. Ne1 Rc7 46. Ke2 a4 47. bxa4 Ra7 48. Nd3 c4 49. Nb2 Ba3 50. Rc2 Ke5 51. Nd1 Rxa4 52. Nc3 Ra5 53. Kf3 Bb4 54. Ne2 Ra3 55. Nd4 Bc5 56. Ne2 d4 57. Rxc4 Kd5 58. Rxc5+ Kxc5 59. Nxd4 Rxa2 60. Nf5 Kd5 61. Ng3 1/2-1/2

[Event "Norrkoeping Easter op"]
[Site "Norrkoeping"]
[Date "2022.04.15"]
[Round "2"]
[White "Jakenberg, Jussi"]
[Black "Westerberg, Jonathan"]
[Result "0-1"]
[WhiteElo "2118"]
[BlackElo "2497"]
[PlyCount "40"]
[EventDate "2022.04.15"]
[EventType "swiss"]
[EventRounds "8"]
[EventCountry "SWE"]
[SourceTitle "CBM 207 Extra"]
[Source "ChessBase"]
[SourceDate "2022.05.31"]
[SourceVersion "1"]
[SourceVersionDate "2022.05.31"]
[SourceQuality "1"]

1. d4 Nf6 2. Nf3 g6 3. g3 d5 4. Bg2 Bg7 5. 0-0 0-0 6. c4 e6 7. Nbd2 b6 8. cxd5 exd5 9. Ne5 c5 10. Ndf3 Bb7 11. b3 Qe7 12. Bb2 Na6 13. Re1 Rac8 14. Rc1 Ne4 15. e3 f6 16. Nd3 c4 17. Nf4 c3 18. Ba1 Nb4 19. Nd3 c2 20. Qe2 Ba6 0-1

[Event "Norrkoeping Easter op"]
[Site "Norrkoeping"]
[Date "2022.04.15"]
[Round "1"]
[White "Westerberg, Jonathan"]
[Black "Kruuse, Peter"]
[Result "1-0"]
[WhiteElo "2497"]
[BlackElo "1850"]
[PlyCount "59"]
[EventDate "2022.04.15"]
[EventType "swiss"]
[EventRounds "8"]
[EventCountry "SWE"]
[SourceTitle "CBM 207 Extra"]
[Source "ChessBase"]
[SourceDate "2022.05.31"]
[SourceVersion "1"]
[SourceVersionDate "2022.05.31"]
[SourceQuality "1"]

1. g4 d5 2. Bg2 e5 3. c4 c6 4. cxd5 cxd5 5. Qb3 Ne7 6. Nc3 e4 7. d3 Nbc6 8. dxe4 d4 9. Nd5 Ng6 10. h4 Bd6 11. g5 0-0 12. f4 Kh8 13. h5 Nge7 14. Nxe7 Qxe7 15. f5 Qe5 16. g6 Qg3+ 17. Qxg3 Bxg3+ 18. Kd1 fxg6 19. hxg6 h6 20. b3 Ne5 21. Rh3 Bf2 22. Nf3 Nxg6 23. Bxh6 Kg8 24. Bg5 Re8 25. fxg6 Bxh3 26. Bxh3 Rxe4 27. Bf5 Ree8 28. Rc1 Be3 29. Rc7 Bxg5 30. Nxg5 1-0

[Event "Hasselbacken op"]
[Site "Stockholm"]
[Date "2021.11.07"]
[Round "7"]
[White "Henriksson, Johan"]
[Black "Westerberg, Jonathan"]
[Result "0-1"]
[WhiteElo "2227"]
[BlackElo "2495"]
[PlyCount "104"]
[EventDate "2021.11.05"]
[EventType "swiss"]
[EventRounds "8"]
[EventCountry "SWE"]
[SourceTitle "CBM 205 Extra"]
[Source "ChessBase"]
[SourceDate "2022.01.31"]
[SourceVersion "1"]
[SourceVersionDate "2022.01.31"]
[SourceQuality "1"]

1. d4 d5 2. Nf3 e6 3. g3 g6 4. Bg2 Bg7 5. 0-0 Ne7 6. c3 0-0 7. Nbd2 c5 8. dxc5 Na6 9. e4 Nxc5 10. exd5 Nxd5 11. Nb3 Qc7 12. Nxc5 Qxc5 13. Nd2 Qc7 14. Qe2 a5 15. Qc4 Qd8 16. Rd1 Bd7 17. Nf1 b5 18. Qe2 Rc8 19. Ne3 Nf6 20. Ng4 Nxg4 21. Qxg4 Rc4 22. Qe2 Qc8 23. Bf4 Bc6 24. Bxc6 Qxc6 25. Rd6 Qc5 26. Rad1 h5 27. h4 a4 28. a3 Qf5 29. Kg2 Bf6 30. Bh6 Rfc8 31. Qf3 Qxf3+ 32. Kxf3 R8c5 33. Be3 Rf5+ 34. Ke2 g5 35. hxg5 Bxg5 36. R1d4 Rxd4 37. Rxd4 Bf6 38. Rf4 Rxf4 39. Bxf4 Kf8 40. Bd6+ Ke8 41. Kd3 Kd7 42. Bc5 Kc6 43. Bd4 e5 44. Be3 Kd5 45. f3 Be7 46. Bf2 f5 47. Kc2 Kc4 48. Be3 Bd8 49. Bf2 Bg5 50. Bg1 e4 51. f4 Be7 52. Bf2 Bc5 0-1

[Event "Hasselbacken op"]
[Site "Stockholm"]
[Date "2021.11.06"]
[Round "5"]
[White "Douhan, David"]
[Black "Westerberg, Jonathan"]
[Result "0-1"]
[WhiteElo "2133"]
[BlackElo "2495"]
[PlyCount "48"]
[EventDate "2021.11.05"]
[EventType "swiss"]
[EventRounds "8"]
[EventCountry "SWE"]
[SourceTitle "CBM 205 Extra"]
[Source "ChessBase"]
[SourceDate "2022.01.31"]
[SourceVersion "1"]
[SourceVersionDate "2022.01.31"]
[SourceQuality "1"]

1. e4 c5 2. Nf3 e6 3. d4 cxd4 4. Nxd4 Nc6 5. Nc3 Nf6 6. Ndb5 Bc5 7. Bf4 0-0 8. Bc7 Qe7 9. Bd6 Bxd6 10. Qxd6 Qd8 11. 0-0-0 a6 12. Qa3 axb5 13. Qxa8 b4 14. Nb5 Nxe4 15. f4 Nf2 16. Bd3 Nxh1 17. Rxh1 d5 18. Rf1 e5 19. g3 e4 20. Be2 Qb6 21. Qa4 Qe3+ 22. Kd1 d4 23. Re1 d3 24. Bxd3 Bg4+ 0-1

[Event "EU-Cup 36th"]
[Site "Struga"]
[Date "2021.09.21"]
[Round "4.1"]
[White "Westerberg, Jonathan"]
[Black "Donchenko, Alexander"]
[Result "0-1"]
[WhiteElo "2526"]
[BlackElo "2641"]
[PlyCount "102"]
[EventDate "2021.09.18"]
[EventType "team-swiss"]
[EventRounds "7"]
[EventCountry "MKD"]
[SourceTitle "CBM 204 Extra"]
[Source "ChessBase"]
[SourceDate "2021.11.30"]
[SourceVersion "1"]
[SourceVersionDate "2021.11.30"]
[SourceQuality "1"]
[WhiteTeam "Stockholm CC"]
[BlackTeam "Selfoss Skakfelag"]
[WhiteTeamCountry "SWE"]
[BlackTeamCountry "ISL"]

1. e4 e5 2. Nf3 Nc6 3. Bc4 Bc5 4. c3 Nf6 5. d4 exd4 6. cxd4 Bb4+ 7. Bd2 Nxe4 8. Bxb4 Nxb4 9. Bxf7+ Kxf7 10. Qb3+ Kf8 11. Qxb4+ Qe7 12. Qxe7+ Kxe7 13. 0-0 Kd8 14. Re1 Nf6 15. Nc3 d6 16. Ng5 Rf8 17. f3 h6 18. Ne6+ Bxe6 19. Rxe6 Kd7 20. Rae1 Rae8 21. Rxe8 Nxe8 22. Kf2 c6 23. Ke3 Nc7 24. Kd2 b5 25. a3 a5 26. Rf1 a4 27. Kd3 Na8 28. f4 Nb6 29. Rf3 Re8 30. f5 Re7 31. h3 d5 32. f6 gxf6 33. Rxf6 Nc4 34. Kc2 h5 35. Rg6 Rf7 36. Nd1 Rf4 37. Kd3 Re4 38. Rg7+ Kd6 39. Rg6+ Kc7 40. Rg7+ Kc8 41. Rg8+ Kd7 42. Rg7+ Ke8 43. Rg6 c5 44. Rg8+ Kf7 45. Rc8 cxd4 46. Rc5 Ke6 47. Rxb5 Re1 48. Kc2 d3+ 49. Kc1 d4 50. Rxh5 Ne3 51. Kd2 Rxd1# 0-1

[Event "Malmo Torso"]
[Site "Malmo"]
[Date "2021.08.22"]
[Round "18"]
[White "Hector, Jonny"]
[Black "Westerberg, Jonathan"]
[Result "1/2-1/2"]
[WhiteElo "2465"]
[BlackElo "2526"]
[PlyCount "85"]
[EventDate "2021.08.21"]
[EventType "tourn (rapid)"]
[EventRounds "18"]
[EventCountry "SWE"]
[EventCategory "11"]
[SourceTitle "CBM 203 Extra"]
[Source "ChessBase"]
[SourceDate "2021.09.30"]
[SourceVersion "1"]
[SourceVersionDate "2021.09.30"]
[SourceQuality "1"]

1. e4 c5 2. Nf3 Nc6 3. Nc3 d6 4. d4 cxd4 5. Nxd4 Nf6 6. Bg5 g6 7. Nb3 Bg7 8. Be2 0-0 9. Qd2 Re8 10. 0-0 a5 11. a4 Be6 12. Rfe1 Rc8 13. Bb5 Nd7 14. Rab1 Bxb3 15. cxb3 Nd4 16. Qd1 Nxb5 17. Nxb5 Nc5 18. Bd2 Nd3 19. Re3 Nb4 20. Bc3 Rc5 21. Rh3 Nc6 22. Qd2 h5 23. Rd1 b6 24. f4 Bh6 25. Qf2 Qc8 26. f5 Ne5 27. Nd4 e6 28. Rf1 exf5 29. exf5 Qd7 30. Rg3 Ng4 31. Rxg4 hxg4 32. Qh4 Be3+ 33. Kh1 Rxc3 34. fxg6 fxg6 35. bxc3 Bxd4 36. cxd4 Qe6 37. Qh6 Qf5 38. Kg1 Qe4 39. Kh1 Qf5 40. Qc1 Qe6 41. Qc7 Rf8 42. Rxf8+ Kxf8 43. Qc3 1/2-1/2

[Event "Malmo Torso"]
[Site "Malmo"]
[Date "2021.08.21"]
[Round "6"]
[White "Brynell, Stellan"]
[Black "Westerberg, Jonathan"]
[Result "1/2-1/2"]
[WhiteElo "2422"]
[BlackElo "2526"]
[PlyCount "67"]
[EventDate "2021.08.21"]
[EventType "tourn (rapid)"]
[EventRounds "18"]
[EventCountry "SWE"]
[EventCategory "11"]
[SourceTitle "CBM 203 Extra"]
[Source "ChessBase"]
[SourceDate "2021.09.30"]
[SourceVersion "1"]
[SourceVersionDate "2021.09.30"]
[SourceQuality "1"]

1. e4 d5 2. exd5 Qxd5 3. Nc3 Qd8 4. d4 Nf6 5. Bg5 c6 6. Bc4 Nbd7 7. Nf3 Nb6 8. Bb3 Bf5 9. Ne5 Nfd5 10. Qf3 Be6 11. Bd2 f6 12. Nd3 Bf7 13. 0-0-0 a5 14. Nc5 Qc7 15. Rhe1 e5 16. Nd3 Bd6 17. Ne4 0-0 18. Nxd6 Qxd6 19. dxe5 fxe5 20. Qg3 a4 21. Bxd5 Qxd5 22. Nb4 Qc4 23. Qc3 Qxc3 24. Bxc3 Nd5 25. Nxd5 Bxd5 26. f3 Bxa2 27. Rxe5 Bd5 28. Rde1 h6 29. Re7 Rf7 30. Kd2 b5 31. Bb4 Rd8 32. Kc3 Rd7 33. Rxd7 Rxd7 34. Re7 1/2-1/2

[Event "Malmo Torso"]
[Site "Malmo"]
[Date "2021.08.21"]
[Round "1"]
[White "Smith, Axel"]
[Black "Westerberg, Jonathan"]
[Result "1/2-1/2"]
[WhiteElo "2451"]
[BlackElo "2526"]
[PlyCount "120"]
[EventDate "2021.08.21"]
[EventType "tourn (rapid)"]
[EventRounds "18"]
[EventCountry "SWE"]
[EventCategory "11"]
[SourceTitle "CBM 203 Extra"]
[Source "ChessBase"]
[SourceDate "2021.09.30"]
[SourceVersion "1"]
[SourceVersionDate "2021.09.30"]
[SourceQuality "1"]

1. e4 c5 2. Nc3 e6 3. Nf3 Nc6 4. Bb5 Nge7 5. 0-0 a6 6. Bxc6 Nxc6 7. d4 cxd4 8. Nxd4 Qc7 9. Re1 Bd6 10. Nxc6 bxc6 11. Qh5 Be5 12. Bd2 0-0 13. Rad1 d6 14. Re3 f5 15. exf5 exf5 16. Ree1 f4 17. Ne4 Bf5 18. Qf3 Qf7 19. Bc3 Qg6 20. h3 Rae8 21. Bxe5 dxe5 22. Nd6 Bxc2 23. Rd2 Re6 24. Qc3 f3 25. g3 Bf5 26. Nxf5 Qxf5 27. Re3 e4 28. g4 Qg6 29. Qc4 h5 30. Rd6 Rfe8 31. Rxe6 Rxe6 32. Kf1 hxg4 33. hxg4 Qxg4 34. Ke1 Qg1+ 35. Qf1 Qxf1+ 36. Kxf1 Kf7 37. Ra3 c5 38. Rc3 Rd6 39. Ke1 Rb6 40. b3 Rh6 41. Rxc5 Rh1+ 42. Kd2 Rf1 43. Ke3 Re1+ 44. Kf4 Re2 45. Ra5 Rxf2 46. Kxe4 Rf1 47. Rf5+ Ke6 48. Rxf3 Ra1 49. a4 Rb1 50. Rg3 Re1+ 51. Kd4 Kf6 52. b4 g5 53. b5 axb5 54. axb5 Rb1 55. Kc5 Kf5 56. b6 Kf4 57. Rg2 g4 58. Kc6 Kf3 59. Rxg4 Rxb6+ 60. Kxb6 Kxg4 1/2-1/2

[Event "SWE-ch"]
[Site "Helsingborg"]
[Date "2021.07.10"]
[Round "8"]
[White "Smith, Axel"]
[Black "Westerberg, Jonathan"]
[Result "1-0"]
[WhiteElo "2449"]
[BlackElo "2534"]
[PlyCount "57"]
[EventDate "2021.07.03"]
[EventType "tourn"]
[EventRounds "9"]
[EventCountry "SWE"]
[EventCategory "9"]
[SourceTitle "CBM 203 Extra"]
[Source "ChessBase"]
[SourceDate "2021.09.30"]
[SourceVersion "1"]
[SourceVersionDate "2021.09.30"]
[SourceQuality "1"]

1. d4 Nf6 2. c4 e6 3. Nc3 Bb4 4. f3 c5 5. d5 b5 6. e4 d6 7. Bd2 Bxc3 8. Bxc3 b4 9. Bd2 0-0 10. Bd3 e5 11. Ne2 Nh5 12. Qc2 a5 13. Be3 Qh4+ 14. g3 Qf6 15. Rf1 a4 16. Qd2 a3 17. b3 Nf4 18. 0-0-0 Nxe2+ 19. Qxe2 Qe7 20. g4 Qh4 21. Rg1 Re8 22. Qd2 h6 23. g5 hxg5 24. Rxg5 Nd7 25. Qg2 Qh7 26. Rg1 g6 27. h4 Nf6 28. h5 Nxh5 29. Rxh5 1-0

[Event "SWE-ch"]
[Site "Helsingborg"]
[Date "2021.07.04"]
[Round "2"]
[White "Hillarp Persson, Tiger"]
[Black "Westerberg, Jonathan"]
[Result "1-0"]
[WhiteElo "2538"]
[BlackElo "2534"]
[PlyCount "97"]
[EventDate "2021.07.03"]
[EventType "tourn"]
[EventRounds "9"]
[EventCountry "SWE"]
[EventCategory "9"]
[SourceTitle "CBM 203 Extra"]
[Source "ChessBase"]
[SourceDate "2021.09.30"]
[SourceVersion "1"]
[SourceVersionDate "2021.09.30"]
[SourceQuality "1"]

1. d4 e6 2. Nf3 d5 3. Bf4 Bd6 4. e3 Bxf4 5. exf4 Qd6 6. Qd2 Nf6 7. Nc3 Ne4 8. Nxe4 dxe4 9. Ne5 0-0 10. 0-0-0 b6 11. h4 f6 12. Nc4 Qd5 13. Kb1 Ba6 14. Ne3 Qd6 15. f5 Bxf1 16. Rhxf1 Nd7 17. Qe2 exf5 18. Nxf5 Qf4 19. Qb5 Rfd8 20. f3 c6 21. Qb3+ Kh8 22. fxe4 Qc7 23. e5 Nf8 24. exf6 gxf6 25. Nh6 Kg7 26. Ng4 Nd7 27. Qe3 Rg8 28. Nxf6 Nxf6 29. Qg5+ Kh8 30. Qxf6+ Qg7 31. Qxc6 Qxg2 32. Qf6+ Qg7 33. a4 Rad8 34. c3 Rd7 35. Ka2 Qxf6 36. Rxf6 Rg2 37. Rdf1 Kg7 38. R6f2 Rg4 39. Rf4 Rg2 40. R1f2 Rg1 41. Re2 Rg6 42. Kb3 Rgd6 43. Re5 Kh6 44. a5 bxa5 45. Rxa5 Rb6+ 46. Kc2 Rdb7 47. b4 Rg6 48. Kb3 a6 49. Rff5 1-0